000 01259nam a2200229Ia 4500
001 L208-2988
003 IT-CnALBA
008 170116s9999||||xx |||||||||||||| ||und||
040 _aIT-CnALBA
_cIT-CnALBA
041 _aLATINO
100 _aCRISOSTOMO GIOVANNI, SANTO, DOTT.
245 0 _aSANCTI JOANNIS CHRYSOSTOMI OPERA OMNIA. TOMUS VI.
250 _a1a ed.
260 _a PARISIIS
_bEX TYPIS CATHOLICIS MIGNE
_c1842 [1° Ed.:1842 - Ed.Ling.Originale: 1842]
300 _a475 p. (prefazione: 5)
500 _aCURATORI PADRI BENEDETTINI. INTERPRETAZIONE DI 8 CAPITOLI DI ISAIA. 6 OMELIE DEL LIBRO DI OZIA. VERSETTO DI ISAIA: DIO HA CREATO LA LUCE... OMELIA SU UN PASSO DI GEREMIA: SIGNORE, NON È NELL'UOMO LA SUA VIA... DUE OMELIE SULLA OSCURITA' DELLE PROFEZIE. CA
501 _aSocietà San Paolo EM - Piazza San Paolo, 14 - 12051 ALBA (CN) (non commercial uses only) ® Copyright 2017
520 _aCURATORI PADRI BENEDETTINI. INTERPRETAZIONE DI 8 CAPITOLI DI ISAIA. 6 OMELIE DEL LIBRO DI OZIA. VERSETTO DI ISAIA: DIO HA CREATO LA LUCE... OMELIA SU UN PASSO DI GEREMIA: SIGNORE, NON È NELL'UOMO LA SUA VIA... DUE OMELIE SULLA OSCURITA' DELLE PROFEZIE. CA
650 _aPADRI E SCRITTORI ECCLESIASTICI
942 _cBK
957 _71
999 _a3968
_bSI
_g Copie: 1
_c262176
_d262176